| 000 | 00498nam a2200145 4500 | ||
|---|---|---|---|
| 082 | _aMS-CSE-2 SYE | ||
| 100 |
_aSyed Tariq Ali Shams _9104419 |
||
| 245 | _aA Link stability based routing metric AQDV | ||
| 260 |
_aIslamabad _bNust School of Electrical Engineering and Computer Science |
||
| 300 |
_a68 P _eCD-ROM |
||
| 500 | _aSupervisor; Dr.Adnan Khalid Kiani | ||
| 700 |
_aSyed Tariq Ali Shams _9104420 |
||
| 856 | _uhttp://10.250.8.41:8080/xmlui/handle/123456789/31390 | ||
| 942 |
_cPR _2ddc |
||
| 999 |
_c489019 _d489019 |
||